New Oxford English-English-Malay dictionary / (Record no. 2016)

MARC details
000 -LEADER
fixed length control field 00617nam a22002057a 4500
003 - CONTROL NUMBER IDENTIFIER
control field RIC
005 - DATE AND TIME OF LATEST TRANSACTION
control field 20150127023203.0
008 - FIXED-LENGTH DATA ELEMENTS--GENERAL INFORMATION
fixed length control field 150127b xxu||||| |||| 00| 0 eng d
020 ## - INTERNATIONAL STANDARD BOOK NUMBER
International Standard Book Number 9789834508920
040 ## - CATALOGING SOURCE
Transcribing agency JKKN
082 ## - DEWEY DECIMAL CLASSIFICATION NUMBER
Classification number 423.9923
245 ## - TITLE STATEMENT
Title New Oxford English-English-Malay dictionary /
Statement of responsibility, etc edited by Miranda Steel
250 ## - EDITION STATEMENT
Edition statement 2nd ed. (updated version)
260 ## - PUBLICATION, DISTRIBUTION, ETC. (IMPRINT)
Place of publication, distribution, etc Shah Alam:
Name of publisher, distributor, etc Oxford Fajar,
Date of publication, distribution, etc 2012,
300 ## - PHYSICAL DESCRIPTION
Extent 954p. :
Other physical details ill.;
Dimensions 20cm.
650 ## - SUBJECT ADDED ENTRY--TOPICAL TERM
Topical term or geographic name as entry element English language
Form subdivision Dictionaries
General subdivision Malay
650 ## - SUBJECT ADDED ENTRY--TOPICAL TERM
Topical term or geographic name as entry element Malay language
Form subdivision Dictionaries
General subdivision English
700 1# - ADDED ENTRY--PERSONAL NAME
Personal name Steel, Miranda
942 ## - ADDED ENTRY ELEMENTS (KOHA)
Source of classification or shelving scheme Dewey Decimal Classification
Koha item type Reference
Holdings
Withdrawn status Lost status Source of classification or shelving scheme Damaged status Not for loan Home library Current library Shelving location Date acquired Cost, normal purchase price Total Checkouts Full call number Barcode Date last seen Price effective from Koha item type
    Dewey Decimal Classification     JKKN Main Library JKKN Main Library On Display 27/01/2015 31.50   423.9923 NEW HQ004519 27/01/2015 27/01/2015 Reference
    Library of Congress Classification     JKKN Main Library JKKN Main Library On Display 27/01/2015 31.50   423.9923 NEW HQ004520 27/01/2015 27/01/2015 Reference
    Library of Congress Classification     JKKN Main Library JKKN Main Library On Display 27/01/2015 31.50   423.9923 NEW HQ004521 27/01/2015 27/01/2015 Reference
    Library of Congress Classification     JKKN Main Library JKKN Main Library On Display 27/01/2015 31.50   423.9923 NEW HQ004522 27/01/2015 27/01/2015 Reference

Supported by RICOM